Logo Biblioteca

Cornelia / (Registro nro. 941)

Detalles MARC
000 -LEADER
fixed length control field 01402nam a22002657a 4500
003 - CONTROL NUMBER IDENTIFIER
control field AR-RoUNCS
005 - DATE AND TIME OF LATEST TRANSACTION
control field 20260306102504.0
007 - PHYSICAL DESCRIPTION FIXED FIELD--GENERAL INFORMATION
fixed length control field ta
008 - FIXED-LENGTH DATA ELEMENTS--GENERAL INFORMATION
fixed length control field 171018s2022 ag gr 000 f spa
015 ## - NATIONAL BIBLIOGRAPHY NUMBER
National bibliography number AR-2022
020 ## - INTERNATIONAL STANDARD BOOK NUMBER
International Standard Book Number 978-950-7720-9
040 ## - CATALOGING SOURCE
Original cataloging agency AR-BaBN
Language of cataloging spa
Transcribing agency AR-RoUNCS
Description conventions aacr
044 ## - COUNTRY OF PUBLISHING/PRODUCING ENTITY CODE
MARC country code ag
ISO country code ar-c
080 1# - UNIVERSAL DECIMAL CLASSIFICATION NUMBER
Universal Decimal Classification number 82-312.4(82)
Edition identifier 2016
100 1# - MAIN ENTRY--PERSONAL NAME
Personal name Etcheves, Florencia,
Dates associated with a name 1971-
Relator term autora
Relationship aut
245 10 - TITLE STATEMENT
Title Cornelia /
Statement of responsibility, etc. Florencia Etcheves.
250 ## - EDITION STATEMENT
Edition statement 1a ed.
260 ## - PUBLICATION, DISTRIBUTION, ETC.
Place of publication, distribution, etc. C.A.B.A. :
Name of publisher, distributor, etc. Planeta,
Date of publication, distribution, etc. 2022.
300 ## - PHYSICAL DESCRIPTION
Extent 368 p. ;
Dimensions 19 cm.
490 0# - SERIES STATEMENT
Series statement Biblioteca Centenario YPF ;
Volume/sequential designation 4
520 3# - SUMMARY, ETC.
Summary, etc. La joven Cornelia desaparece en una pequeña localidad de la Patagonia argentina durante un viaje de estudios con cuatro compañeras. De ella sólo queda una cadena tirada en la nieve. Diez años después de la desaparición de la chica, Pipa, una de las cuatro amigas decide reabrir el caso ante la insistencia de la madre al descubrir que una persona anónima ha estado publicando en el diario una esquela por su hija cada año. El carácter personal de la investigación despierta los fantasmas del pasado, algo para lo cual la agente no está preparada. Una novela absorbente que va mas allá de la búsqueda y denuncia para tratar un problema contemporáneo. (Descripción del editor)
650 #7 - SUBJECT ADDED ENTRY--TOPICAL TERM
Source of heading or term embne
Topical term or geographic name entry element Literatura argentina
655 #7 - INDEX TERM--GENRE/FORM
Genre/form data or focus term Novelas policiacas
Source of term embne
942 ## - ADDED ENTRY ELEMENTS (KOHA)
Source of classification or shelving scheme Universal Decimal Classification
Koha item type Obra General
Suppress in OPAC No
Existencias
Withdrawn status Lost status Source of classification or shelving scheme Damaged status Not for loan Collection Home library Current library Date acquired Total checkouts Full call number Barcode Date last seen Price effective from Koha item type
    Universal Decimal Classification     Colección General Biblioteca Escuela de Ciencias Sociales Biblioteca Escuela de Ciencias Sociales 06/03/2026   82-312.4(82) ET83 000487 06/03/2026 06/03/2026 Obra General
Biblioteca de la Escuela Preuniversitaria en Ciencias Sociales y Humanísticas.
Riobamba 250 bis.
CP 2000 - Rosario - Santa Fe
E-Mail: biblioteca@esociales.unr.edu.ar